000 00300nam a22001337a 4500
999 _c528007
_d528007
003 NUST
038 _aM.Ramzan
082 _a363.125
_bITE
100 _aITE
_919513
245 _aThe traffic safety tool box /
_cITE
260 _awashington
_bITE
_c1993
300 _a257 p, :
_c25cm
942 _2ddc
_cBK